书目信息 |
| 题名: |
DD-2型电子调度集中
|
|
| 作者: | ;铁道部科学研究院通信信号研究所 编著 | |
| 分册: | ||
| 出版信息: | 北京 中国铁道出版社 1978 |
|
| 页数: | 362页 | |
| 开本: | 19cm | |
| 丛书名: | ||
| 单 册: | ||
| 中图分类: | U284.5 | |
| 科图分类: | ||
| 主题词: | 铁路通信 , 铁路信号 | |
| 电子资源: | ||
| ISBN: | ||
| 000 | 00737nam0 2200253 45 | |
| 001 | 0178005382 | |
| 005 | 20040518084305.7 | |
| 010 | @dCNY0.90 | |
| 091 | @a15043.4035 | |
| 100 | @a19950810d1978 em y0chiy0121 ea | |
| 101 | 0 | @achi |
| 102 | @aCN@b110000 | |
| 105 | @ay z 000yy | |
| 106 | @ar | |
| 200 | 10 | @aDD-2型电子调度集中@Add-2 xing dian zi diao du ji zhong@f铁道部科学研究院通信信号研究所编著 |
| 210 | @a北京@c中国铁道出版社@d1978 | |
| 215 | @a362页@d19cm | |
| 300 | @a内部发行 | |
| 606 | 0 | @a铁路通信 |
| 606 | 0 | @a铁路信号 |
| 690 | @aU284.5 | |
| 711 | 02 | @a铁道部科学研究院通信信号研究所@Atie dao bu ke xue yan jiu yuan tong xin xin hao yan jiu suo@4编著 |
| 801 | 0 | @aCN@bNLC@c20040518 |
| 905 | @f1@b9316@dU284.5@e87 | |
| DD-2型电子调度集中/铁道部科学研究院通信信号研究所编著.-北京:中国铁道出版社,1978 |
| 362页;19cm |
| 内部发行 |
| ISBN :CNY0.90 |
| ● |
| 相关链接 |
|
|
|
|
正题名:DD-2型电子调度集中
索取号:U284.5/87
 
预约/预借
| 序号 | 登录号 | 条形码 | 馆藏地/架位号 | 状态 | 备注 |
| 1 | 0009316 | 001483326 | 第三借阅区/ [索取号:U284.5/87] | 在馆 | |
| 2 | 0009317 | 001483255 | 第二样本阅览室/ [索取号:U284.5/87] | 在馆 |